Statistics for 2000s Oscar Best Actor Nominees

Click here to take the quiz!

General Stats

  • This quiz has been taken 9,154 times
    (9,064 since last reset)
  • The average score is 21 of 39

Answer Stats

Movie Answer % Correct
The Curious Case of Benjamin ButtonBrad Pitt
97%
Pirates of the Caribbean, Finding Neverland, Sweeney ToddJohnny Depp
97%
The Aviator, Blood DiamondLeonardo DiCaprio
94%
The Insider, Gladiator, A Beautiful MindRussell Crowe
90%
Ali, The Pursuit of HappynessWill Smith
89%
Cast AwayTom Hanks
87%
Sweet and Lowdown, I Am Sam, Mystic River, MilkSean Penn
85%
The Hurricane, Training DayDenzel Washington
80%
Brokeback MountainHeath Ledger
79%
Gangs of New York, There Will Be BloodDaniel Day-Lewis
78%
RayJamie Foxx
78%
American BeautyKevin Spacey
77%
Million Dollar BabyClint Eastwood
76%
Walk the LineJoaquin Phoenix
73%
Lost in TranslationBill Murray
67%
The PianistAdrien Brody
67%
Michael ClaytonGeorge Clooney
66%
CapotePhilip Seymour Hoffman
66%
The Last King of ScotlandForest Whitaker
65%
The WrestlerMickey Rourke
60%
About SchmidtJack Nicholson
54%
Hotel RwandaDon Cheadle
49%
Cold MountainJude Law
42%
AdaptationNicolas Cage
36%
Eastern PromisesViggo Mortensen
32%
PollockEd Harris
29%
In the Valley of ElahTommy Lee Jones
27%
Half NelsonRyan Gosling
27%
QuillsGeoffrey Rush
26%
The Quiet AmericanMichael Caine
24%
House of Sand and FogBen Kingsley
24%
Hustle & FlowTerrence Howard
22%
Frost/NixonFrank Langella
20%
Before Night FallsJavier Bardem
15%
Good Night, and Good LuckDavid Strathairn
13%
VenusPeter O'Toole
13%
In the BedroomTom Wilkinson
12%
The VisitorRichard Jenkins
10%
The Straight StoryRichard Farnsworth
9%

Score Distribution

Percentile by Number Answered

Percent of People with Each Score

Your Score History

You have not taken this quiz since the last reset